000 00431nam a2200181Ia 4500
008 230524s9999 xx 000 0 und d
020 _a812390150x
082 _a624
_bMOO
100 _aH.S. Moondra
245 0 _aLaboratory Manual for Civil Engineering
250 _a2
260 _aNew Delhi
_bCBS
_c2014
300 _a"x,237p;"
500 _aQuantity Number: 2
650 _aCivil
700 _aRajiv Gupta
942 _cBK
999 _c55309
_d55309